|
|
|
|
| LEADER |
00000nab a2200000 a 4500 |
| 001 |
vtls010099063 |
| 003 |
SK-MaSNL |
| 005 |
20260303080912.0 |
| 008 |
100524 2010 xo 000 0 cze |
| 015 |
|
|
|a SNBRB2010/05
|2 lmaosk
|
| 038 |
|
|
|a LMAOSK
|
| 040 |
|
|
|a LMAOSK
|b slo
|c LMAOSK
|e AACR2
|
| 041 |
0 |
|
|a cze
|
| 044 |
|
|
|a xo
|c SK
|
| 080 |
|
|
|a 623.442
|2 2001
|
| 100 |
1 |
|
|a Dvořák, Stanislav,
|4 aut
|9 574338
|
| 245 |
1 |
0 |
|a M1 Garand
|b Ruční palné zbraně používané za II. světové války
|c Stanislav Dvořák
|
| 300 |
|
|
|b Fotogr.
|
| 650 |
0 |
7 |
|a zbrane
|2 SNKPH
|9 4348
|
| 650 |
0 |
7 |
|a pušky
|2 SNKPH
|9 13773
|
| 650 |
0 |
7 |
|a M1 Garand ( puška )
|x technické údaje
|x 2. svetová vojna
|2 lmaosk
|9 1083385
|
| 650 |
0 |
7 |
|a samonabíjacie pušky
|2 lmaosk
|9 1083386
|
| 650 |
0 |
7 |
|a zbrane ručné
|2 lmaosk
|9 276520
|
| 773 |
0 |
|
|t Zbraně & náboje : časopis muže, který zná svůj cíl
|g Roč. XII, č. 5/2010 (15.4.2010), s.[91]-[93]
|x 1212-5210
|
| 852 |
|
|
|a LMAOSK
|b KIS3GCP
|
| 999 |
|
|
|c 1782425
|d 1784355
|